00390nam a2200109Ia 4500008004000000082001500040100001800055245007200073260008300145300001200228650004000240210210b2001 xxu||||| |||| 00| 0 eng d a398.2 ALVO aALVA (Ashok). aOlasari : essays on folk rituals and dances of tulunadu and kodagu. aUdupibRegional Resources Centre for Folk Performing Arts, MGM College.,c2001 axii,126 aFolk Rituals dances tulunadu kodagu